| 000 | 00554nam a2200193Ia 4500 | ||
|---|---|---|---|
| 003 | IN-BaIIA | ||
| 008 | 211028s9999 xx 000 0 eng d | ||
| 020 | _a0-87985-475-8 | ||
| 040 | _cIIA Library | ||
| 080 |
_a771 _bEAS |
||
| 110 |
_aKodak _92452 |
||
| 245 | 0 |
_aScientific imaging with kodak films and plates _cEastman Kodak Company |
|
| 260 |
_aRochester _bEastman Kodak _c1987 |
||
| 300 | _a[various pagings.] | ||
| 650 |
_aImaging _916376 |
||
| 650 | _aNASA thesaurus | ||
| 650 | _aPhotography | ||
| 942 | _cBK | ||
| 999 |
_c9695 _d9695 |
||